El avión fantasma / (Registro nro. 10013)
[ vista simple ]
| 000 -LEADER | |
|---|---|
| fixed length control field | 00989nam a22003377b 4500 |
| 001 - CONTROL NUMBER | |
| control field | 65805 |
| 003 - CONTROL NUMBER IDENTIFIER | |
| control field | DO-SdBNP |
| 005 - DATE AND TIME OF LATEST TRANSACTION | |
| control field | 20180207085131.0 |
| 007 - PHYSICAL DESCRIPTION FIXED FIELD--GENERAL INFORMATION | |
| fixed length control field | 65805 |
| 008 - FIXED-LENGTH DATA ELEMENTS--GENERAL INFORMATION | |
| fixed length control field | 030708s 2004 sp | ||| ||spa |
| 016 7# - NATIONAL BIBLIOGRAPHIC AGENCY CONTROL NUMBER | |
| Record control number | |
| Source | BPMSU |
| 017 ## - COPYRIGHT OR LEGAL DEPOSIT NUMBER | |
| Assigning agency | |
| 020 ## - INTERNATIONAL STANDARD BOOK NUMBER | |
| International Standard Book Number | 8434852543 |
| 035 ## - SYSTEM CONTROL NUMBER | |
| System control number | |
| 040 ## - CATALOGING SOURCE | |
| Original cataloging agency | BPMSU |
| Language of cataloging | spa |
| Transcribing agency | BPMSU |
| Description conventions | |
| 041 1# - LANGUAGE CODE | |
| Language code of text/sound track or separate title | spa |
| Language code of original | |
| 080 #0 - UNIVERSAL DECIMAL CLASSIFICATION NUMBER | |
| Universal Decimal Classification number | |
| 100 1# - MAIN ENTRY--PERSONAL NAME | |
| Personal name | Brezina, Thomas, |
| Dates associated with a name | 1963- |
| 240 14 - UNIFORM TITLE | |
| Uniform title | <a href="Das Geisterflugzeug">Das Geisterflugzeug</a> |
| Language of a work | Español |
| 245 13 - TITLE STATEMENT | |
| Title | El avión fantasma / |
| Statement of responsibility, etc. | Thomas Brezina ; ilustraciones de Werner Heymann; traducción José A. Santiago Tagle |
| Medium | |
| 250 ## - EDITION STATEMENT | |
| Edition statement | 9a. ed. |
| 260 ## - PUBLICATION, DISTRIBUTION, ETC. (IMPRINT) | |
| Place of publication, distribution, etc. | Barcelona : |
| Name of publisher, distributor, etc. | S M, |
| Date of publication, distribution, etc. | 2004. |
| 300 ## - PHYSICAL DESCRIPTION | |
| Extent | 126 p.: |
| Other physical details | il.; |
| Dimensions | 20 cm |
| 490 1# - SERIES STATEMENT | |
| Series statement | Un caso para ti y el Equipo Tigre |
| Volume/sequential designation | 3 |
| 700 12 - ADDED ENTRY--PERSONAL NAME | |
| Personal name | Heymann, Werner |
| Relator term | il. |
| 700 12 - ADDED ENTRY--PERSONAL NAME | |
| Personal name | Santiago Tagle, José A. |
| Relator term | tr. |
| 830 #0 - SERIES ADDED ENTRY--UNIFORM TITLE | |
| Uniform title | Un caso para ti y el Equipo Tigre |
| Volume number/sequential designation | 3 |
| 942 ## - ADDED ENTRY ELEMENTS (KOHA) | |
| Source of classification or shelving scheme | Dewey Decimal Classification |
| Koha item type | Libros |
| 945 ## - LOCAL PROCESSING INFORMATION (OCLC) | |
| a | Inventariado, 2018 /LP |
| 956 ## - LOCAL ELECTRONIC LOCATION AND ACCESS (OCLC) | |
| Host name | VMATEO |
| Materials specified | 20160506 |
| Linkage | BPMSU |
| Field link and sequence number | 0069 |
| Access number | 10 |
| Withdrawn status | Lost status | Source of classification or shelving scheme | Damaged status | Not for loan | Collection code | Home library | Current library | Date acquired | Source of acquisition | Total Checkouts | Barcode | Date last seen | Price effective from | Koha item type |
|---|---|---|---|---|---|---|---|---|---|---|---|---|---|---|
| Dewey Decimal Classification | Colección Juvenil General | Biblioteca Pública Metropolitana Salomé Ureña | Biblioteca Pública Metropolitana Salomé Ureña | 05/06/2016 | FUNDI | BPMSU16050129 | 05/06/2016 | 05/06/2016 | Libros |